000 01186nam a22003497a 4500
003 CHAP
005 20220329132935.0
008 971013s1990 r 00010 d
010 _a476
011 _a1448
035 _a624
040 _cCHAP
090 _aTesis
100 0 0 _aFierros Amézquita, Felisa.
_940782
245 1 _aAnálisis de acción conjunta de insecticidas en Aedes aegypti L. (Diptera: Culicidae)
260 _aChapingo, Méx. :
_bEl autor,
_c1990
300 _a71 h.
_b; gráfs.
500 _a36-190
502 _aTesis (Ing. Agrónomo Esp. en Parasitología Agrícola) -- UACH. Departamento de Parasitología Agrícola
590 _aALEPH
_b10
_c20130110
_lUCH01
_h1205
590 _aBATCH-UPD
_b10
_c20130110
_lUCH01
_h0007
590 _aBATCH-UPD
_b10
_c20130110
_lUCH01
_h1733
590 _aBATCH-UPD
_b10
_c20130409
_lUCH01
_h1944
590 _aBATCH-UPD
_b10
_c20130913
_lUCH01
_h1939
590 _aCONVERSION
_b10
_c20130109
_lUCH01
_h1302
650 1 4 _aAedes aegypti.
_91008
650 1 4 _aInsecticidas
_xToxicidad.
_958882
901 _aBK
942 _cFOLL
949 _bBC
_cTES
_d-10077
_eTS1
_h22658
_i624
_si
949 _bBC
_cTES
_d-67497
_eTS2
_fc.2
_h22659
_i624
_si
999 _c476
_d476